000 00490nam a2200193Ia 4500
005 20250423094304.0
008 250422s9999 xx 000 0 und d
020 _a9788131800584
050 _aTJ 265 .R35/
100 _aRajput, R. K.
245 2 _aA textbook of engineering thermodynamics (SI UNITS)
250 _a5th ed.
260 _aNew Delhi
260 _bLaxmi Publications (P) Ltd.
260 _c2016
300 _a935 p
650 _a Thermodynamics.
942 _cBK
999 _c26814
_d26814